[Event "3MCRV_F"]
[Site "?"]
[Date "2003.??.??"]
[Round "?"]
[White "Juhasz, Jozef"]
[Black "Pecka, Josef"]
[Result "0-1"]
[WhiteElo "2188"]
[BlackElo "2281"]
[PlyCount "106"]
[EventDate "2003.??.??"]
[EventType "corr"]

1. e4 e5 2. Nf3 Nc6 3. Bc4 Nf6 4. Ng5 Bc5 5. Nxf7 Bxf2+ 6. Kf1 Qe7 7. Nxh8 d5
8. exd5 Nd4 9. d6 Qxd6 10. Nf7 Qc5 11. d3 e4 12. c3 Bh4 13. Ne5 Qxe5 14. dxe4
Nc6 15. Nd2 Bg4 16. Be2 Qc5 17. g3 Bh3+ 18. Ke1 O-O-O 19. Qb3 Bg5 20. Qb5 Bxd2+
21. Bxd2 Qe7 22. Rg1 Qxe4 23. Qc4 Qe8 24. Bf4 g5 25. Rd1 gxf4 26. Rxd8+ Nxd8
27. Qxf4 Bg4 28. Rg2 Qg6 29. Kd2 Ne6 30. Qe3 Nd5 31. Qe5 Bf5 32. Ke1 Nd8 33.
Bf3 Nb6 34. Rf2 Be6 35. Be4 Qg8 36. Qh5 Bd7 37. a3 Qe6 38. Re2 Qf6 39. Bxh7 a6
40. Bd3 Na4 41. h4 Qd6 42. Qf3 Nc6 43. Bf5 Nc5 44. Re8+ Nd8 45. h5 Be6 46.
Bxe6+ Ncxe6 47. Rg8 Qb6 48. Qd5 Qe3+ 49. Kd1 a5 50. g4 a4 51. Qf5 Kd7 52. Qd5+
Ke7 53. Re8+ Kxe8 0-1

[Event "3MCRV_F"]
[Site "?"]
[Date "2003.??.??"]
[Round "?"]
[White "Hladecek, Miloslav"]
[Black "Kuchta, Jiri"]
[Result "0-1"]
[WhiteElo "2275"]
[BlackElo "2299"]
[PlyCount "82"]
[EventDate "2003.??.??"]
[EventType "corr"]

1. e4 c5 2. Nf3 Nc6 3. d4 cxd4 4. Nxd4 Nf6 5. Nc3 e5 6. Ndb5 d6 7. Bg5 a6 8.
Na3 b5 9. Bxf6 gxf6 10. Nd5 f5 11. Bd3 Be6 12. Qh5 h6 13. c3 Rg8 14. g3 fxe4
15. Bxe4 Bg4 16. Qh4 Qxh4 17. gxh4 O-O-O 18. Nf6 d5 19. Nxg8 dxe4 20. Rg1 Bf3
21. Rc1 Na5 22. b4 Kd7 23. Nb1 Nc4 24. Nd2 Ke6 25. Nxf3 exf3 26. Rd1 Rxd1+ 27.
Kxd1 e4 28. Ke1 Ne5 29. Kd2 f5 30. Ke3 Nc4+ 31. Kd4 Kf7 32. a4 e3 33. Kd3 f4
34. h5 Bg7 35. Nxh6+ Bxh6 36. axb5 axb5 37. Rf1 Ke6 38. Kc2 Kf5 39. h3 Bg5 40.
h6 Bxh6 41. h4 Kg4 0-1

[Event "3MCRV_F"]
[Site "?"]
[Date "2003.??.??"]
[Round "?"]
[White "Pytlik, Lesek"]
[Black "Lounek, Jan"]
[Result "1-0"]
[WhiteElo "2316"]
[BlackElo "2337"]
[PlyCount "93"]
[EventDate "2003.??.??"]
[EventType "corr"]

1. e4 c5 2. Nf3 d6 3. d4 cxd4 4. Nxd4 Nf6 5. Nc3 a6 6. Bg5 e6 7. f4 Nbd7 8. Qf3
Qc7 9. O-O-O b5 10. Bd3 Bb7 11. Rhe1 Be7 12. a3 Qb6 13. Nb3 Rc8 14. Qg3 Rxc3
15. bxc3 Qc7 16. Kb1 e5 17. f5 Nb6 18. Nc1 Na4 19. Na2 Nc5 20. Nb4 Qa5 21. Ka2
Qa4 22. Kb2 a5 23. Bxf6 Bxf6 24. Ra1 O-O 25. Qe3 Ba8 26. g3 Rc8 27. Kb1 h6 28.
Ra2 Rb8 29. h4 Bd8 30. Qf3 Nd7 31. Qe2 Rb6 32. Ka1 Bf6 33. Qf2 Nc5 34. g4 Bd8
35. g5 hxg5 36. hxg5 Bxg5 37. Qh2 Nd7 38. Rg1 f6 39. Rh1 Bh6 40. Qg2 Bg5 41.
Qh3 Bh6 42. Qg4 Kf8 43. Qg6 Bb7 44. Qh7 Ke8 45. Qg8+ Ke7 46. Kb2 d5 47. Nxd5+
1-0

[Event "3MCRV_F"]
[Site "?"]
[Date "2003.??.??"]
[Round "?"]
[White "Pytlik, Lesek"]
[Black "Kuchta, Jiri"]
[Result "1-0"]
[WhiteElo "2316"]
[BlackElo "2299"]
[PlyCount "95"]
[EventDate "2003.??.??"]
[EventType "corr"]

1. e4 c5 2. Nf3 Nc6 3. Bb5 g6 4. Bxc6 dxc6 5. d3 Bg7 6. h3 Nf6 7. O-O Nd7 8.
Nbd2 Nf8 9. a4 Ne6 10. a5 O-O 11. e5 Qc7 12. Re1 Nd4 13. Nxd4 cxd4 14. Nf3 c5
15. b4 f6 16. Bf4 fxe5 17. Bxe5 Bxe5 18. Rxe5 cxb4 19. Qe1 Rxf3 20. gxf3 Bxh3
21. Rxe7 Qf4 22. Qe5 Qxe5 23. Rxe5 Rc8 24. Re7 Rxc2 25. Ra4 Bc8 26. a6 bxa6 27.
Rxb4 h5 28. Rxa7 Kf8 29. Rb6 Rc1+ 30. Kh2 Re1 31. Rf6+ Ke8 32. Rxg6 Kf8 33. Rh6
Kg8 34. Rxh5 Re2 35. Rc5 Re8 36. Rg5+ Kf8 37. Rh5 Be6 38. Rh8+ Bg8 39. f4 Re2
40. Kg3 Re1 41. f5 Rg1+ 42. Kf4 a5 43. f6 Rg2 44. f3 a4 45. f7 Rg7 46. fxg8=Q+
Rxg8 47. Rhh7 Rg7 48. Rhxg7 1-0

[Event "3MCRV_F"]
[Site "?"]
[Date "2003.??.??"]
[Round "?"]
[White "Juhasz, Jozef"]
[Black "Svoboda, Frantisek"]
[Result "1/2-1/2"]
[WhiteElo "2188"]
[BlackElo "2398"]
[PlyCount "105"]
[EventDate "2003.??.??"]
[EventType "corr"]

1. e4 e6 2. d4 d5 3. Nc3 Nf6 4. Bg5 dxe4 5. Nxe4 Be7 6. Bxf6 Bxf6 7. Nxf6+ Qxf6
8. c3 O-O 9. Qh5 Nd7 10. Nf3 Rd8 11. Rd1 b6 12. Bd3 g6 13. Qg4 Bb7 14. Be2 c5
15. O-O cxd4 16. Qxd4 Qxd4 17. Rxd4 Nc5 18. Rfd1 Rxd4 19. Rxd4 Rc8 20. Ne5 Rc7
21. f4 Kg7 22. Nc4 Kf6 23. Nd6 Bc6 24. b4 Nb7 25. Nxb7 Bxb7 26. c4 e5 27. fxe5+
Kxe5 28. Rd8 Bc6 29. Kf2 f5 30. b5 Bd7 31. Ke3 Be6 32. Re8 g5 33. a3 h5 34. Kd3
h4 35. Kc3 Kf6 36. Rf8+ Bf7 37. h3 Ke5 38. Rd8 Kf4 39. Rd4+ Kg3 40. Bf3 Rc5 41.
a4 Be6 42. Ba8 g4 43. hxg4 fxg4 44. Re4 Bg8 45. Bc6 h3 46. gxh3 gxh3 47. Re3+
Kh2 48. Bd7 Rxc4+ 49. Kd3 Rh4 50. Re2+ Kg1 51. Re1+ Kf2 52. Re2+ Kf1 53. Rh2
1/2-1/2

[Event "3MCRV_F"]
[Site "?"]
[Date "2003.??.??"]
[Round "?"]
[White "Bures, Jilji"]
[Black "Schwarz, Jan"]
[Result "0-1"]
[WhiteElo "2295"]
[BlackElo "2292"]
[PlyCount "116"]
[EventDate "2003.??.??"]
[EventType "corr"]

1. e4 e5 2. Nf3 Nc6 3. Bb5 a6 4. Ba4 Nf6 5. O-O Be7 6. Re1 b5 7. Bb3 d6 8. c3
O-O 9. h3 Na5 10. Bc2 c5 11. d4 Qc7 12. Nbd2 Re8 13. Nf1 g6 14. Ne3 cxd4 15.
cxd4 exd4 16. Qxd4 Bb7 17. Bd2 Nc6 18. Qc3 Rac8 19. a4 b4 20. Qc4 Bf8 21. Rac1
Bg7 22. Qa2 a5 23. Bd3 Qd8 24. Bc4 Qd7 25. Nd5 Nxd5 26. Bxd5 Ne5 27. Nxe5 Bxe5
28. Bc4 Qe7 29. f3 d5 30. exd5 Qc5+ 31. Kh1 Bd6 32. Rxe8+ Rxe8 33. b3 Bxd5 34.
Qb2 Bxc4 35. Rxc4 Qf2 36. Qd4 Qf1+ 37. Qg1 Qe2 38. Bh6 Bg3 39. Rc1 f6 40. Qd4
Qe1+ 41. Rxe1 Rxe1+ 42. Qg1 Rxg1+ 43. Kxg1 g5 44. h4 Bxh4 45. Kh2 Bf2 46. f4
Kf7 47. fxg5 Kg6 48. Bf8 Bb6 49. g4 Bd8 50. Bd6 fxg5 51. Kg3 h5 52. gxh5+ Kxh5
53. Be5 g4 54. Bf4 Bb6 55. Kg2 Kg6 56. Bd6 Kf5 57. Kf1 Ke4 58. Ke2 Kd4 0-1

[Event "3MCRV_F"]
[Site "?"]
[Date "2003.??.??"]
[Round "?"]
[White "Nevole, Milan"]
[Black "Lounek, Jan"]
[Result "0-1"]
[WhiteElo "2238"]
[BlackElo "2337"]
[PlyCount "102"]
[EventDate "2003.??.??"]
[EventType "corr"]

1. d4 Nf6 2. c4 e6 3. Nf3 b6 4. g3 Ba6 5. b3 Bb4+ 6. Bd2 Be7 7. Nc3 O-O 8. Qc2
d5 9. cxd5 exd5 10. Bg2 c5 11. dxc5 bxc5 12. Ne5 Bb7 13. Bf4 Qc8 14. O-O Qe6
15. Nd3 Nbd7 16. Rad1 Rac8 17. Nb2 Rfd8 18. Rfe1 Nb6 19. e4 d4 20. Nb5 Nh5 21.
Bc1 Nf6 22. Nc4 Nxc4 23. Qxc4 Qxc4 24. bxc4 a6 25. Na3 Nd7 26. f4 Rb8 27. Bd2
Bc6 28. Rb1 Rxb1 29. Rxb1 f6 30. Rb2 Re8 31. Ba5 Bd6 32. Re2 g5 33. Bd2 gxf4
34. gxf4 Bc7 35. Kf1 Kf7 36. Bf3 Rb8 37. Rf2 Nf8 38. Ke1 Ke7 39. Bc1 Ne6 40. e5
Bxf3 41. Rxf3 fxe5 42. fxe5 Rg8 43. Kf2 Bxe5 44. h3 Bf6 45. Nb1 h5 46. Ra3 Bh4+
47. Kf1 Rf8+ 48. Ke2 Rf2+ 49. Kd1 Rh2 50. Bh6 Bg5 51. Bxg5+ Nxg5 0-1

[Event "3MCRV_F"]
[Site "?"]
[Date "2003.??.??"]
[Round "?"]
[White "Pytlik, Lesek"]
[Black "Svoboda, Frantisek"]
[Result "0-1"]
[WhiteElo "2316"]
[BlackElo "2398"]
[PlyCount "88"]
[EventDate "2003.??.??"]
[EventType "corr"]

1. e4 e6 2. d4 d5 3. Nc3 Nf6 4. e5 Nfd7 5. f4 c5 6. Nf3 Nc6 7. Be3 a6 8. Qd2 b5
9. dxc5 Bxc5 10. Bxc5 Nxc5 11. Qf2 Qe7 12. Bd3 b4 13. Ne2 a5 14. Ned4 Nxd4 15.
Nxd4 Bd7 16. O-O O-O 17. Be2 a4 18. a3 bxa3 19. bxa3 Ne4 20. Qe3 Qc5 21. c4
Rab8 22. Rfd1 f6 23. cxd5 Nc3 24. Bg4 Nxd1 25. Rxd1 Rfe8 26. d6 fxe5 27. Qxe5
Qc3 28. h3 Rbc8 29. Kh1 Rc5 30. Qe4 Rd5 31. f5 Qxa3 32. fxe6 Qxd6 33. Qxd5 Qxd5
34. exd7 Re3 35. Kg1 h5 36. Nb5 Qxd1+ 37. Bxd1 Re1+ 38. Kf2 Rxd1 39. Nc3 Rxd7
40. Nxa4 Kf7 41. Nc5 Rd4 42. Ke3 Rc4 43. Ne4 Ke6 44. g3 Ke5 0-1

[Event "3MCRV_F"]
[Site "?"]
[Date "2003.??.??"]
[Round "?"]
[White "Hladecek, Miloslav"]
[Black "Schwarz, Jan"]
[Result "0-1"]
[WhiteElo "2275"]
[BlackElo "2292"]
[PlyCount "128"]
[EventDate "2003.??.??"]
[EventType "corr"]

1. e4 c5 2. Nf3 Nc6 3. Bc4 d6 4. d4 cxd4 5. Nxd4 Nf6 6. Nc3 Qb6 7. Nb3 e6 8.
O-O a6 9. Bd3 Be7 10. Be3 Qc7 11. f4 b5 12. a3 O-O 13. Qf3 Bb7 14. Qg3 Rac8 15.
Rad1 b4 16. axb4 Nxb4 17. f5 Nxd3 18. cxd3 e5 19. Nd2 d5 20. exd5 Bxd5 21. d4
exd4 22. Qxc7 Rxc7 23. Bxd4 Bb7 24. Rfe1 Rd7 25. Nb3 Rfd8 26. Ra1 Rc8 27. Re3
Ng4 28. Re2 f6 29. h3 Nh6 30. g4 Bf8 31. Ra5 Bb4 32. Ra4 a5 33. Be3 Bc6 34. Ra1
Nf7 35. Nxa5 Ra8 36. Nxc6 Rxa1+ 37. Kg2 Bxc3 38. bxc3 Ra8 39. Bf2 Rd3 40. c4
Ng5 41. h4 Nh3 42. Bg3 Raa3 43. Bb8 h5 44. Ne7+ Kh7 45. g5 fxg5 46. hxg5 Nxg5
47. Ng6 Rd4 48. Bf4 Rxc4 49. Nf8+ Kg8 50. Ng6 Re4 51. Rxe4 Nxe4 52. Be5 Rb3 53.
Nh4 Nf6 54. Bc7 Kf7 55. Be5 Nd5 56. Kf2 Ne7 57. Bc7 Kf6 58. Bd8 Rd3 59. Ba5
Nxf5 60. Nf3 g5 61. Ke2 Re3+ 62. Kf2 g4 63. Bd8+ Kf7 64. Nd2 g3+ 0-1

[Event "3MCRV_F"]
[Site "?"]
[Date "2003.??.??"]
[Round "?"]
[White "Kuchtova, Ruzena"]
[Black "Sykora, Josef"]
[Result "0-1"]
[WhiteElo "2214"]
[BlackElo "2365"]
[PlyCount "92"]
[EventDate "2003.??.??"]
[EventType "corr"]

1. c4 e5 2. Nc3 Nf6 3. Nf3 Nc6 4. g3 Bb4 5. Bg2 O-O 6. O-O e4 7. Ne1 Bxc3 8.
dxc3 h6 9. Nc2 Re8 10. Ne3 d6 11. Qc2 b6 12. Rd1 Bb7 13. a4 a5 14. b3 Ne5 15.
Nd5 Nxd5 16. cxd5 f5 17. h3 Qf6 18. c4 Rf8 19. Be3 Rae8 20. Qd2 Bc8 21. Kh2 g5
22. Bd4 Qg6 23. Rac1 f4 24. gxf4 gxf4 25. Rg1 Kh7 26. Rc3 Qf5 27. Qc2 Ng6 28.
f3 e3 29. Qxf5 Rxf5 30. Bf1 Rg5 31. Rg2 Rxg2+ 32. Bxg2 Nh4 33. Bf6 Nf5 34. Rc2
Rg8 35. Bc3 Kg6 36. Ra2 Kf7 37. Ra1 Ng3 38. Ra2 Bf5 39. b4 axb4 40. Bxb4 Ra8
41. Bc3 Nxe2 42. Rxe2 Rxa4 43. Bf1 Rxc4 44. Rc2 Rc5 45. Rc1 b5 46. Be2 Ke8 0-1

[Event "3MCRV_F"]
[Site "?"]
[Date "2003.??.??"]
[Round "?"]
[White "Sykora, Josef"]
[Black "Pecka, Josef"]
[Result "1-0"]
[WhiteElo "2365"]
[BlackElo "2281"]
[PlyCount "107"]
[EventDate "2003.??.??"]
[EventType "corr"]

1. e4 c5 2. Nf3 Nc6 3. d4 cxd4 4. Nxd4 Nf6 5. Nc3 d6 6. Bg5 e6 7. Qd2 Be7 8.
O-O-O O-O 9. Nb3 a5 10. a4 d5 11. Bb5 Nb4 12. e5 Ne8 13. Bxe7 Qxe7 14. f4 Nc7
15. Qe3 Nxb5 16. Nxb5 Bd7 17. Kb1 Na6 18. Nc3 Nb4 19. Nd4 Rac8 20. h4 f6 21. g3
Rc4 22. h5 Nc6 23. exf6 Qxf6 24. Nf3 h6 25. Rhe1 Be8 26. Ne5 Rb4 27. Qd3 Qd8
28. Ng6 Rf6 29. f5 Rd4 30. Qe2 Bxg6 31. fxg6 Qd6 32. Rxd4 Nxd4 33. Qd3 Qb4 34.
Rf1 Rxf1+ 35. Qxf1 Qf8 36. Qd3 Qf2 37. Nd1 Qf6 38. Ne3 Nc6 39. Qb5 d4 40. Nd1
Qe7 41. Nf2 Qb4 42. Qe2 Qd6 43. Nd3 Nd8 44. g4 Nc6 45. Nc5 Nd8 46. Qb5 b6 47.
Nd3 Qc6 48. Qe5 Qh1+ 49. Nc1 Qc6 50. Qb8 Qd7 51. Nd3 Kf8 52. Qxb6 Nc6 53. Ne5
Nxe5 54. Qb8+ 1-0

[Event "3MCRV_F"]
[Site "?"]
[Date "2003.??.??"]
[Round "?"]
[White "Sykora, Josef"]
[Black "Priesol, Daniel"]
[Result "1-0"]
[WhiteElo "2365"]
[BlackElo "2304"]
[PlyCount "99"]
[EventDate "2003.??.??"]
[EventType "corr"]

1. e4 e5 2. Nf3 Nf6 3. Nxe5 d6 4. Nf3 Nxe4 5. d4 d5 6. Bd3 Bd6 7. O-O O-O 8. c4
c6 9. Qc2 Na6 10. a3 Bg4 11. Ne5 Bxe5 12. dxe5 Nac5 13. f3 Nxd3 14. Qxd3 Nc5
15. Qd4 Nb3 16. Qxg4 Nxa1 17. Bh6 g6 18. Bxf8 Qxf8 19. cxd5 Nc2 20. Rf2 Ne3 21.
Qd4 Nxd5 22. Nd2 Nb6 23. Ne4 Rd8 24. Qc3 Rd1+ 25. Rf1 Rxf1+ 26. Kxf1 Nd5 27.
Qd2 f6 28. Qd4 f5 29. Nc3 Nxc3 30. Qxc3 Qe7 31. Qd4 a6 32. f4 Kf7 33. g3 Qe6
34. Kg2 Ke8 35. Qa7 Qc8 36. Kf2 Kf7 37. Ke3 h6 38. Kd3 Qc7 39. Qc5 Qb8 40. a4
Ke6 41. a5 Kf7 42. Ke3 Ke6 43. h3 h5 44. Qc4+ Ke7 45. b4 Qe8 46. Qd3 Qb8 47. g4
hxg4 48. hxg4 Ke6 49. gxf5+ gxf5 50. Qc4+ 1-0

[Event "3MCRV_F"]
[Site "?"]
[Date "2003.??.??"]
[Round "?"]
[White "Hladecek, Miloslav"]
[Black "Nevole, Milan"]
[Result "1/2-1/2"]
[WhiteElo "2275"]
[BlackElo "2238"]
[PlyCount "108"]
[EventDate "2003.??.??"]
[EventType "corr"]

1. e4 c5 2. Nf3 d6 3. d4 cxd4 4. Nxd4 Nf6 5. Nc3 a6 6. Be3 Ng4 7. Bg5 h6 8. Bc1
Nc6 9. Be2 Nf6 10. O-O e5 11. Nxc6 bxc6 12. Bc4 Be7 13. Qd3 O-O 14. a4 a5 15.
b3 Be6 16. Bxe6 fxe6 17. Qg3 Kh8 18. Bb2 Qe8 19. Rae1 Qh5 20. Nb1 Bd8 21. Kh1
Bb6 22. f3 Bc5 23. Ba3 Bb4 24. c3 Bxa3 25. Nxa3 Qf7 26. Nc4 Qc7 27. Rd1 Rfd8
28. b4 axb4 29. cxb4 Rxa4 30. Qe1 c5 31. Rc1 Rxb4 32. Nxe5 Rd4 33. Ng6+ Kh7 34.
Nf4 Qe7 35. Qa5 Rb8 36. Qa2 e5 37. Ne2 Rdb4 38. Qd2 Qe6 39. Rc2 Rb1 40. Rfc1
Qb3 41. Rxb1 Qxb1+ 42. Rc1 Qb6 43. Ng3 Qb2 44. Qxb2 Rxb2 45. Kg1 Ne8 46. Nf5 g6
47. Ne3 Kg7 48. Ra1 Rb7 49. Ra8 Kf7 50. Kf2 h5 51. h4 Nc7 52. Rh8 Ne8 53. Rh7+
Ng7 54. g4 Rb2+ 1/2-1/2

[Event "3MCRV_F"]
[Site "?"]
[Date "2003.??.??"]
[Round "?"]
[White "Kostal, Jindrich"]
[Black "Svoboda, Frantisek"]
[Result "1/2-1/2"]
[WhiteElo "2364"]
[BlackElo "2398"]
[PlyCount "86"]
[EventDate "2003.??.??"]
[EventType "corr"]

1. e4 e6 2. d4 d5 3. Nd2 Nf6 4. e5 Nfd7 5. Bd3 c5 6. c3 Nc6 7. Ne2 cxd4 8. cxd4
f6 9. exf6 Nxf6 10. Nf3 Bd6 11. O-O Qc7 12. Nc3 a6 13. Bg5 O-O 14. Bh4 Nh5 15.
Re1 g6 16. Bg5 Qg7 17. Bf1 Bd7 18. Rc1 h6 19. Be3 b5 20. h3 g5 21. Nh2 Nf4 22.
a3 Ng6 23. Nf3 Nf4 24. Nh2 Na5 25. a4 Nc4 26. axb5 axb5 27. b3 Nxe3 28. fxe3 b4
29. Nb5 Bxb5 30. Bxb5 Ng6 31. Qg4 Rf6 32. Qh5 Bxh2+ 33. Kxh2 Nh4 34. Kg1 Raf8
35. Rc2 Qe7 36. Qg4 Qf7 37. Qe2 Qe7 38. e4 Qa7 39. Rd1 Ng6 40. Qe1 g4 41. exd5
exd5 42. hxg4 Nf4 43. Qxb4 Qg7 1/2-1/2

[Event "3MCRV_F"]
[Site "?"]
[Date "2003.??.??"]
[Round "?"]
[White "Nevole, Milan"]
[Black "Kostal, Jindrich"]
[Result "1-0"]
[WhiteElo "2238"]
[BlackElo "2364"]
[PlyCount "81"]
[EventDate "2003.??.??"]
[EventType "corr"]

1. d4 Nf6 2. c4 g6 3. Nc3 Bg7 4. e4 d6 5. f3 O-O 6. Be3 e5 7. d5 Nh5 8. Qd2 f5
9. O-O-O a6 10. exf5 gxf5 11. Nh3 f4 12. Bf2 b5 13. cxb5 axb5 14. Bxb5 Qf6 15.
g4 fxg3 16. hxg3 Qxf3 17. Be2 Qf7 18. g4 Nf6 19. Ng5 Qg6 20. Bd3 e4 21. Ncxe4
h6 22. Nxf6+ Qxf6 23. Ne4 Qe5 24. Nc3 Bxg4 25. Rde1 Qf6 26. Be3 h5 27. Rhf1 Qe5
28. Rxf8+ Kxf8 29. Bg5 Qd4 30. Bh6 Na6 31. Qg5 Nb4 32. Bh7 Nxa2+ 33. Kc2 Qf2+
34. Re2 Qxe2+ 35. Nxe2 Nb4+ 36. Kd2 Bxh6 37. Qxh6+ Ke8 38. Qg7 Nxd5 39. Bg6+
Kd8 40. Qf8+ Kd7 41. Qxa8 1-0

[Event "3MCRV_F"]
[Site "?"]
[Date "2003.??.??"]
[Round "?"]
[White "Pytlik, Lesek"]
[Black "Kuchtova, Ruzena"]
[Result "1-0"]
[WhiteElo "2316"]
[BlackElo "2214"]
[PlyCount "111"]
[EventDate "2003.??.??"]
[EventType "corr"]

1. Nf3 d5 2. g3 Nf6 3. Bg2 e6 4. O-O Be7 5. d3 O-O 6. Nc3 c5 7. e4 Nc6 8. Ne1
d4 9. Ne2 e5 10. f4 exf4 11. gxf4 Qc7 12. h3 Re8 13. Ng3 Kh8 14. Nf3 Ng8 15. c3
Bd7 16. cxd4 Nxd4 17. Be3 Nxf3+ 18. Qxf3 Rac8 19. Rfc1 Qb6 20. Qf2 Qb5 21. a4
Qa6 22. e5 Nh6 23. Ne4 Qg6 24. Qg3 Qb6 25. a5 Qb5 26. Qf2 b6 27. axb6 axb6 28.
Ra7 Qxd3 29. Ra3 Qb5 30. Nc3 Qc4 31. Nd5 Qb5 32. Ra7 Nf5 33. Nc3 Qd3 34. Rd1
Qxe3 35. Qxe3 Nxe3 36. Rdxd7 Nxg2 37. Kxg2 Bf8 38. Kf3 Kg8 39. Rxf7 Rc6 40. Ne4
Rce6 41. Nd6 Rd8 42. Nf5 Rg6 43. Rfb7 Rg1 44. e6 Rf1+ 45. Kg2 Rxf4 46. e7 Bxe7
47. Nxe7+ Kh8 48. Rxb6 Rfd4 49. Nc6 Rd2+ 50. Kg3 R8d3+ 51. Kf4 h6 52. Ne5 Rd4+
53. Ke3 Rd1 54. Re7 Rb4 55. Rxb4 cxb4 56. Rb7 1-0

[Event "3MCRV_F"]
[Site "?"]
[Date "2003.??.??"]
[Round "?"]
[White "Priesol, Daniel"]
[Black "Kostal, Jindrich"]
[Result "1/2-1/2"]
[WhiteElo "2304"]
[BlackElo "2364"]
[PlyCount "94"]
[EventDate "2003.??.??"]
[EventType "corr"]

1. e4 e5 2. Nf3 Nc6 3. d4 exd4 4. Nxd4 Bc5 5. Nxc6 Qf6 6. Qd2 dxc6 7. Nc3 Be6
8. Na4 Bd6 9. Bd3 Rd8 10. Qe3 Bb4+ 11. Bd2 Bxd2+ 12. Qxd2 Qd4 13. Nc3 Nf6 14.
Qf4 Kd7 15. O-O-O Kc8 16. Rd2 h6 17. Rhd1 g5 18. Qg3 Nh5 19. Qf3 g4 20. Qe2 Nf4
21. Qf1 Qc5 22. f3 Qg5 23. Kb1 gxf3 24. gxf3 Kb8 25. Bc4 Rxd2 26. Rxd2 Rg8 27.
Bxe6 fxe6 28. Qd1 b6 29. a3 Qh5 30. Qf1 Kb7 31. Qd1 Rf8 32. Qg1 e5 33. Qg7 Ne6
34. Qe7 Re8 35. Qh7 Ng5 36. Qf5 Qxf3 37. Rf2 Qe3 38. Rf1 Re7 39. Qf8 Rh7 40.
Qe8 Nxe4 41. Rf8 Qg1+ 42. Ka2 Nxc3+ 43. bxc3 Qg4 44. Qa8+ Ka6 45. Qxc6 Re7 46.
Rf6 Qg8+ 47. Kb2 e4 1/2-1/2

[Event "3MCRV_F"]
[Site "?"]
[Date "2003.??.??"]
[Round "?"]
[White "Nevole, Milan"]
[Black "Pytlik, Lesek"]
[Result "0-1"]
[WhiteElo "2238"]
[BlackElo "2316"]
[PlyCount "118"]
[EventDate "2003.??.??"]
[EventType "corr"]

1. d4 Nf6 2. c4 e6 3. Nf3 b6 4. g3 Bb7 5. Bg2 Be7 6. O-O O-O 7. Nc3 Ne4 8. Qd3
Nxc3 9. Qxc3 f5 10. b3 Qe8 11. Bf4 d6 12. h4 Bf6 13. Rad1 Nd7 14. Qd2 a5 15. a4
Be4 16. Ne1 Qg6 17. Bg5 Rae8 18. Be3 e5 19. dxe5 Nxe5 20. Bxe4 fxe4 21. Ng2 Qg4
22. Kh2 Rf7 23. Rde1 Qf5 24. Qd5 Ng4+ 25. Kg1 Qd7 26. Qb5 Qc8 27. Qc6 Bc3 28.
Rc1 Bb4 29. Bd4 Bc5 30. Bxc5 bxc5 31. Rc3 Ref8 32. f4 Qe6 33. Rfc1 Nh6 34. Kf2
Nf5 35. Qd5 Qe7 36. e3 Kh8 37. h5 Rf6 38. Rh1 c6 39. Qd1 g5 40. Rc2 Qg7 41. Rg1
Nxg3 42. Qg4 Nf5 43. Qxg5 Qe7 44. Nh4 Nxh4 45. Qxh4 Rxf4+ 46. Qxf4 Qh4+ 47. Kf1
Rxf4+ 48. exf4 Qxh5 49. Rcg2 Qf3+ 50. Ke1 Qe3+ 51. Kf1 Qxf4+ 52. Ke2 Qf3+ 53.
Ke1 Qc3+ 54. Kf1 h6 55. Rg6 Kh7 56. R1g2 Qe5 57. Ke1 d5 58. Rxc6 d4 59. Ra6 Qe7
0-1

[Event "3MCRV_F"]
[Site "?"]
[Date "2003.??.??"]
[Round "?"]
[White "Kostal, Jindrich"]
[Black "Brousek, Jiri"]
[Result "1/2-1/2"]
[WhiteElo "2364"]
[BlackElo "2361"]
[PlyCount "138"]
[EventDate "2003.??.??"]
[EventType "corr"]

1. e4 e6 2. d4 d5 3. Nd2 dxe4 4. Nxe4 Bd7 5. Nf3 Bc6 6. Bd3 Nd7 7. c3 Ngf6 8.
Nxf6+ gxf6 9. Bf4 Nb6 10. Qe2 Qd7 11. O-O-O O-O-O 12. c4 Kb8 13. Be3 Qe8 14.
Kb1 Rg8 15. Bxh7 Rxg2 16. Bd3 Rg8 17. h4 Rh8 18. h5 Bh6 19. Rh4 Qf8 20. Rg1 Ka8
21. Nd2 f5 22. Bxh6 Rxh6 23. Nf3 Bxf3 24. Qxf3 c6 25. Be2 Nd7 26. d5 cxd5 27.
cxd5 Nb6 28. dxe6 fxe6 29. Qg3 Rh7 30. Qe5 Nd7 31. Qe3 e5 32. Rc1 Qf6 33. Rhc4
Nb6 34. R4c2 Kb8 35. Rd2 Rxd2 36. Qxd2 Rh8 37. Rg1 Qc6 38. Qe3 Rf8 39. Rd1 Qf6
40. Qg3 Re8 41. f4 e4 42. Qg5 Rf8 43. h6 Qh8 44. Rg1 a6 45. Qg7 Ka7 46. Rg5 Rc8
47. Rxf5 Qe8 48. Rf6 e3 49. Qg6 Qd8 50. Rd6 Qc7 51. Rd1 Nc4 52. a3 Nd2+ 53. Ka1
Nb3+ 54. Ka2 Nc1+ 55. Rxc1 Qxc1 56. Qe4 Ka8 57. h7 Rh8 58. Bd3 Qc5 59. Kb1 Kb8
60. b4 Qc3 61. Qxe3 Qb3+ 62. Kc1 Qxa3+ 63. Kd1 Qb2 64. Qe7 Qd4 65. Qe5+ Qxe5
66. fxe5 Kc7 67. Kc2 Kd7 68. Bf5+ Ke7 69. Kc3 b6 1/2-1/2

[Event "3MCRV_F"]
[Site "?"]
[Date "2003.??.??"]
[Round "?"]
[White "Kuchta, Jiri"]
[Black "Juhasz, Jozef"]
[Result "1-0"]
[WhiteElo "2299"]
[BlackElo "2188"]
[PlyCount "97"]
[EventDate "2003.??.??"]
[EventType "corr"]

1. Nf3 Nf6 2. d4 g6 3. g3 Bg7 4. Bg2 d5 5. O-O O-O 6. c3 Nbd7 7. Re1 c6 8. Nbd2
c5 9. Nb3 b6 10. Be3 c4 11. Nbd2 Bb7 12. Qc2 h6 13. Bf4 Rc8 14. h3 Nh7 15. g4
a6 16. h4 Re8 17. g5 hxg5 18. hxg5 Ndf8 19. Bh3 Rc6 20. Kg2 Ne6 21. Bxe6 Rxe6
22. e3 Nf8 23. Rh1 b5 24. Be5 f6 25. Bg3 Bc8 26. Rh2 Rb6 27. gxf6 exf6 28. Nh4
Kf7 29. Rah1 Qe7 30. b3 cxb3 31. axb3 Rc6 32. Nhf3 Bg4 33. Qd1 Bf5 34. Qa1 Rec8
35. c4 bxc4 36. bxc4 dxc4 37. d5 Rb6 38. Rh4 Bd3 39. Qa2 c3 40. Nc4 Bxc4 41.
Rxc4 Qb7 42. Rc6 Ke8 43. Nd4 f5 44. Qc4 Rcxc6 45. dxc6 Qc8 46. c7 c2 47. Qa4+
Nd7 48. Qxc2 Bf6 49. Rh7 1-0

[Event "3MCRV_F"]
[Site "?"]
[Date "2003.??.??"]
[Round "?"]
[White "Juhasz, Jozef"]
[Black "Nevole, Milan"]
[Result "1/2-1/2"]
[WhiteElo "2188"]
[BlackElo "2238"]
[PlyCount "91"]
[EventDate "2003.??.??"]
[EventType "corr"]

1. e4 c5 2. Nf3 d6 3. Nc3 Nf6 4. d4 cxd4 5. Nxd4 a6 6. Be2 e5 7. Nb3 Be7 8. O-O
Be6 9. Qd3 Nc6 10. Bg5 O-O 11. Rfd1 Rc8 12. a3 h6 13. Be3 Na5 14. Nxa5 Qxa5 15.
Rac1 Bc4 16. Qd2 Qc7 17. Bxc4 Qxc4 18. f3 b5 19. Qe1 Rfd8 20. Rd3 d5 21. exd5
b4 22. b3 Qc7 23. axb4 Bxb4 24. Bd2 Bc5+ 25. Kh1 Bd4 26. Ne2 Rxd5 27. c4 Rd7
28. Nxd4 exd4 29. Rd1 Re8 30. Qg1 Qb6 31. b4 Re2 32. c5 Qb5 33. Rxd4 Rxg2 34.
Kxg2 Qe2+ 35. Qf2 Qxd1 36. c6 Rxd4 37. Qxd4 Qe2+ 38. Kg1 Ne8 39. Qe3 Qd1+ 40.
Kf2 Nc7 41. Qd3 Ne6 42. Qd7 Qc2 43. h4 h5 44. Ke3 Qb3+ 45. Qd3 Qd1 46. Qd5
1/2-1/2

[Event "3MCRV_F"]
[Site "?"]
[Date "2003.??.??"]
[Round "?"]
[White "Pytlik, Lesek"]
[Black "Kostal, Jindrich"]
[Result "1-0"]
[WhiteElo "2316"]
[BlackElo "2364"]
[PlyCount "121"]
[EventDate "2003.??.??"]
[EventType "corr"]

1. e4 e5 2. Nf3 Nc6 3. Bb5 a6 4. Ba4 Nf6 5. O-O Be7 6. Re1 b5 7. Bb3 d6 8. c3
O-O 9. h3 Nb8 10. d4 Nbd7 11. Nbd2 Bb7 12. Bc2 c5 13. d5 g6 14. Nf1 Nh5 15. Bh6
Ng7 16. Ne3 Nf6 17. Qe2 Qb6 18. a4 Rfc8 19. Nd2 c4 20. Reb1 Nd7 21. b3 cxb3 22.
Rxb3 Qa5 23. Nec4 Qd8 24. axb5 Nc5 25. b6 Nxb3 26. Nxb3 Rxc4 27. Qxc4 Qxb6 28.
Be3 Qd8 29. Na5 Bc8 30. Nc6 Qf8 31. Ba4 a5 32. Nxe7+ Qxe7 33. Bb6 Ba6 34. Qc6
Rf8 35. Qc7 Qf6 36. Bxa5 Bd3 37. Bb4 Bxe4 38. Qc4 Bf5 39. g4 Bc8 40. Bb3 Qe7
41. Qc6 Nf5 42. Ra8 Bb7 43. Rxf8+ Kxf8 44. Qb6 Qg5 45. Bd1 Qd2 46. Bxd6+ Kg7
47. Bxe5+ Kh6 48. Bf4+ Qxf4 49. Qxb7 Nd6 50. Qc7 Qf6 51. c4 Kg7 52. Qc5 h5 53.
gxh5 Qf4 54. hxg6 Nxc4 55. gxf7 Kxf7 56. Qc8 Qg5+ 57. Qg4 Kf6 58. h4 Qxg4+ 59.
Bxg4 Ne5 60. f3 Ng6 61. h5 1-0

[Event "3MCRV_F"]
[Site "?"]
[Date "2003.??.??"]
[Round "?"]
[White "Bures, Jilji"]
[Black "Hladecek, Miloslav"]
[Result "1-0"]
[WhiteElo "2295"]
[BlackElo "2275"]
[PlyCount "137"]
[EventDate "2003.??.??"]
[EventType "corr"]

1. e4 e5 2. Nf3 Nc6 3. Bb5 a6 4. Ba4 Nf6 5. O-O Be7 6. Re1 b5 7. Bb3 O-O 8. c3
d6 9. h3 Na5 10. Bc2 c5 11. d4 Qc7 12. Nbd2 Rb8 13. Nf1 Nc4 14. Ng3 Re8 15. d5
Qd8 16. b3 Nb6 17. Be3 Rf8 18. Qe2 c4 19. Bxb6 Qxb6 20. bxc4 Qa5 21. cxb5 Rxb5
22. Bd3 Rc5 23. c4 Rc7 24. Nd2 Qa4 25. Reb1 Nd7 26. Nf5 Nc5 27. Nxe7+ Rxe7 28.
Nb3 Nxd3 29. Qxd3 f5 30. Nd2 fxe4 31. Qe3 Bf5 32. Rb6 Rd7 33. Qb3 Qa5 34. Qb4
Qxb4 35. Rxb4 a5 36. Rb6 Bg6 37. Re1 Rc8 38. Nxe4 Bxe4 39. Rxe4 g5 40. Rb5 Rdc7
41. Rxa5 Rxc4 42. Rxc4 Rxc4 43. Ra6 Kf7 44. Rxd6 Ra4 45. Re6 e4 46. g4 Rxa2 47.
Rxe4 Rd2 48. Re5 h6 49. Kg2 Rd3 50. f3 Rd2+ 51. Kg3 Kf6 52. Re6+ Kg7 53. d6 Rd3
54. Kf2 Kf7 55. Rxh6 Kg7 56. Ke2 Rd5 57. Re6 Kf7 58. Ke3 Rd1 59. Re7+ Kf6 60.
Rh7 Kg6 61. Rd7 Kf6 62. f4 gxf4+ 63. Kxf4 Rd4+ 64. Kg3 Ra4 65. Rd8 Ra3+ 66. Kh4
Rd3 67. g5+ Kg6 68. d7 Kg7 69. Kg4 1-0